000
00267nam a2200097Ia 4500
008
120527s9999 xx 000 0 und d
100
_a
BEETS, C.Willem
245
_a
Raising and sustaining productivity of small holder farming system in
260
_b
AGBE
942
_c
BK
999
_c
25173
_d
25173